| 000 | 00469nam a22001337a 4500 | ||
|---|---|---|---|
| 008 | 140822b xxu||||| |||| 00| 0 eng d | ||
| 020 | _a0406090718 | ||
| 050 | _aKD275.4.L39(1875-76 vol.1) | ||
| 245 | _aThe Law Reports, Appeal Cases(1875-76 vol.1): Appeal Cases before the House of Lords and the Judicial Committee. / | ||
| 260 |
_aLondon: _bButterworth & Co. Ltd, _c1876. |
||
| 300 |
_aix,800p. _c24cm. |
||
| 440 |
_pAppeal cases 1875 to 1876 _vVol. 1 |
||
| 942 |
_2lcc _cBK |
||
| 999 |
_c3671 _d11171 |
||